A nyelvhelyesség vizsgálata általános iskolás tanulók körében

Elmentve itt :
Bibliográfiai részletek
Szerző: Molnár Klaudia
További közreműködők: Nagy László (Témavezető)
Dokumentumtípus: Szakdolgozat
Megjelent: 2015
Tárgyszavak:
Online Access:http://diploma.bibl.u-szeged.hu/120141
LEADER 00811nta a2200205 i 4500
001 dipl120141
005 20211026070649.0
008 211021s2015 hu om 0|| hun d
040 |a SZTE Diploma Repozitórium  |b hun 
041 |a hun 
100 1 |a Molnár Klaudia 
245 1 2 |a A nyelvhelyesség vizsgálata általános iskolás tanulók körében  |h [elektronikus dokumentum] /  |c Klaudia Molnár 
246 1 0 |a Surving language corretness of primary school students  |h [elektronikus dokumentum] 
260 |c 2015 
650 4 |a Pedagógusképzés 
650 4 |a Social sciences 
650 4 |a Educational sciences 
650 4 |a Education, general (including training, pedagogy, didactics) 
700 1 |a Nagy László  |e ths 
856 4 0 |u http://diploma.bibl.u-szeged.hu/id/eprint/120141/1/2015_molnar_klaudia.pdf  |z Dokumentum-elérés